Fill in Lyrics Dean Lewis - Statistics

General Stats
  • This quiz has been taken 119 times
  • The average score is 9 of 14
Answer Stats
Answer % Correct
Hurtless Standing in the rain in your {black dress}
89%
How Do I Say Goodbye {Early morning} there's a message on my phone
85%
Be Alright And my friend said {I know you love her}, but it's over, mate
80%
Waves It comes and goes in {waves} It always does
76%
7 Minutes It's been 7 minutes since I lost {the girl of my dreams}
72%
Memories So {thank you for all the memories} ‘Cause you'll never know what it meant to me
70%
Empire It's the fall of {an empire}
69%
Half A Man I was wrong to say {I loved her}, I was wrong to think I'm right
64%
All I Ever Wanted I miss you more than {you know}
59%
The Last Bit Of Us I'm saying goodbye to {the love of my life} like we didn't exist
59%
Chemicals I found love with the chemicals I used to pray for a {miracle}
58%
Trust Me Mate You breathe and push the smoke away Just like you {do with all your friends}
57%
Adore She kicks the gutter in tight shorts, {basketball courts} Watch me, watch her talk to boys
46%
Rest That {I want you} or I want nothing at all
45%
No matching quizzes found
Score Distribution
Percent of People with Each Score
Percentile by Number Answered
Your Score History
You have not taken this quiz